|
|
|
|
| LEADER |
01455nam a22003732a 4500 |
| 001 |
000060604 |
| 003 |
CZ BrMZK |
| 005 |
20110202141042.0 |
| 007 |
ta |
| 008 |
010907s1983 xr abf f 000 0 cze d |
| 015 |
|
|
|a cnb000002462
|
| 020 |
|
|
|q (Brož.) :
|c Kčs 29,00
|
| 035 |
|
|
|a (OCoLC)10458337
|
| 040 |
|
|
|a ABA001
|b cze
|d ABA001
|
| 080 |
9 |
|
|a 940.3
|
| 080 |
9 |
|
|a 885.0-94
|
| 100 |
1 |
|
|a Heřtová, Yvette,
|d 1933-2011
|7 jk01040957
|4 aut
|
| 245 |
1 |
0 |
|a Zákopová válka /
|c Yvette Heřtová ; mapy Marie Suchardová
|
| 250 |
|
|
|a 1. vyd.
|
| 260 |
|
|
|a Praha :
|b Mladá fronta,
|c 1983
|f (Mír 1)
|
| 300 |
|
|
|a 403 s., obr. příl. :
|b il., mapy ;
|c 20 cm
|
| 490 |
1 |
|
|a Archiv ;
|v sv. 37
|
| 500 |
|
|
|a Seznam britských lodí, které se zúčastnily bitvy u Jutska
|
| 500 |
|
|
|a 10000 výt.
|
| 504 |
|
|
|a Obsahuje bibliografii
|
| 700 |
1 |
|
|a Suchardová, Marie
|7 jx20040720012
|4 aut
|
| 830 |
|
0 |
|a Archiv (Mladá fronta)
|0 s
|
| 856 |
4 |
1 |
|u http://www.digitalniknihovna.cz/mzk/uuid/uuid:a28bd350-1acc-11e3-a5bb-005056827e52
|y Digitalizovaný dokument
|x NDK
|
| 910 |
|
|
|a BOA001
|b PK-0095.343
|b 2-0859.817
|
| 920 |
|
|
|a 000109083
|
| 990 |
|
|
|a BK
|
| 996 |
6 |
|
|b 2619964627
|c 2-0859.817
|l MZK
|r Sklad / do 1 hodiny
|n 1
|w 000060604
|u 000030
|a 1
|e BOA001
|j MZK50
|s P
|
| 996 |
7 |
|
|b 2619966705
|c 2-0859.817
|l MZK
|r Sklad / do 1 hodiny
|n 13
|w 000060604
|u 000020
|a 1
|e BOA001
|j MZK50
|s A
|
| 996 |
7 |
|
|b 3119973246
|c PK-0095.343
|l MZK
|r Sklad / do 1 hodiny
|n 15
|w 000060604
|u 000010
|a 1
|e BOA001
|j MZK50
|s A
|